000 00744nam a2200193 a 4500
003 0
005 20250314111801.0
008 080923s19uu xx 00 eng d
050 _aPHS BF 576
_b.D546 2008
100 _aDichosa, Jean Christine G.
245 _aEmotional intelligence of male and female senior students of Southville International School and Colleges /
_cJean Christine G. Dichosa.
260 _aLas PiƱas City, Philippines :
_bSouthville International School and Colleges,
_c2008.
300 _a27 pages :
_billustrations ;
_c28 cm.
504 _aIncludes bibliographical references.
650 _aEmotional intelligence.
650 _aSex differences (Psychology).
650 _aEmotions in adolescence.
942 _2lcc
_cPASS
999 _c98115
_d98115